000 00621nam a22002177a 4500
003 UA-OsUOA
001 110093
007 ta
008 20150217b un ||||| |||| 00| 0 ukr d
100 _aОрлова Н.
090 _a330
_bО-66
942 _cSA
040 _aUA-OsUOA
_brus
_cUA-OsUOA
_dUA-OsUOA
245 _aФинансовые санкции против России: влияние на экономику и экономическую политику
300 _aС.54-67
955 _a0
041 _arus
080 _a330
773 0 _w110092
650 7 _a330 Економіка взагалі
_2UDC
999 _c396108
_d396108